Fórum medzinárodnej spolupráce knižníc 44. svetový knihovnícky kongres IFLA vo Vysokých Tatrách

Bibliographic Details
Main Author: Kútik, Vincent, 1917-1995 (Author)
Format: Article
Language:Slovak
Subjects:

MARC

LEADER 00000nab a2200000 a 4500
001 vtls000009183
003 SK-MaSNL
005 20260304234758.0
008 111103c1978 xo 0 slo
015 |a SNBRB19rr/mm-uuuuu 
035 |a CL0019277 
040 |a SNKBUCL  |b slo  |c SNKBUCL  |e AACR2 
041 0 |a slo 
044 |a xo  |c SK 
080 |a 061.2:02(100 IFLA)  |2 1981 
080 |a 02(100 IFLA)  |2 1981 
080 |a 061.3  |2 1981 
080 |a 02(437.6 Vysoké Tatry)  |2 1981 
100 1 |a Kútik, Vincent,  |d 1917-1995  |4 aut  |9 219508 
245 1 0 |a Fórum medzinárodnej spolupráce knižníc  |b 44. svetový knihovnícky kongres IFLA vo Vysokých Tatrách  |c Kútik Vincent ; Vincent Kútik 
650 0 7 |a IFLA  |2 snkbucl  |9 921575 
650 0 7 |a kongresy  |2 snkbucl  |9 19200 
651 7 |a 5406  |2 snkbucl  |9 276477 
655 7 |a články z novín a časopisov  |2 snkbucl  |9 267496 
655 7 |a články z odboru knihovníctvo  |2 snkbucl  |9 166141 
700 1 |a Kútik, Vincent,  |d 1917-1995  |4 aut  |9 219508 
773 0 |t Pravda  |g Roč. 59, č. 216 B (13. 9. 1978), s. 5 
850 |a Slovenská národná knižnica v Martine  |a MTA001 
852 |a SNK  |b KIS3GCP 
958 |a RK 
958 |a KL 
992 |a RBX 
999 |c 3205513  |d 3207443